Potato virus Y: biodiversity, pathogenicity, epidemiology and management

Potato virus Y (PVY) infects a wide host range mainly within the Solanaceae and is distributed worldwide. PVY is transmitted by more than 40 aphid species in a non persistent manner. Isolates of the PVY species are highly variable at biological, serological and molecular levels. Epidemiological stud...

Πλήρης περιγραφή

Λεπτομέρειες βιβλιογραφικής εγγραφής
Συγγραφή απο Οργανισμό/Αρχή: SpringerLink (Online service)
Άλλοι συγγραφείς: Lacomme, Christophe (Επιμελητής έκδοσης), Glais, Laurent (Επιμελητής έκδοσης), Bellstedt, Dirk U. (Επιμελητής έκδοσης), Dupuis, Brice (Επιμελητής έκδοσης), Karasev, Alexander V. (Επιμελητής έκδοσης), Jacquot, Emmanuel (Επιμελητής έκδοσης)
Μορφή: Ηλεκτρονική πηγή Ηλ. βιβλίο
Γλώσσα:English
Έκδοση: Cham : Springer International Publishing : Imprint: Springer, 2017.
Θέματα:
Διαθέσιμο Online:Full Text via HEAL-Link
LEADER 03340nam a22005175i 4500
001 978-3-319-58860-5
003 DE-He213
005 20170810150102.0
007 cr nn 008mamaa
008 170810s2017 gw | s |||| 0|eng d
020 |a 9783319588605  |9 978-3-319-58860-5 
024 7 |a 10.1007/978-3-319-58860-5  |2 doi 
040 |d GrThAP 
050 4 |a SB621-795 
072 7 |a PSTP  |2 bicssc 
072 7 |a SCI011000  |2 bisacsh 
082 0 4 |a 571.92  |2 23 
245 1 0 |a Potato virus Y: biodiversity, pathogenicity, epidemiology and management  |h [electronic resource] /  |c edited by Christophe Lacomme, Laurent Glais, Dirk U. Bellstedt, Brice Dupuis, Alexander V. Karasev, Emmanuel Jacquot. 
264 1 |a Cham :  |b Springer International Publishing :  |b Imprint: Springer,  |c 2017. 
300 |a XI, 261 p. 61 illus., 48 illus. in color.  |b online resource. 
336 |a text  |b txt  |2 rdacontent 
337 |a computer  |b c  |2 rdamedia 
338 |a online resource  |b cr  |2 rdacarrier 
347 |a text file  |b PDF  |2 rda 
505 0 |a 1.General Characteristics of Potato virus Y (PVY) and its Impact on Potato Production: an Overview. – 2. Molecular and Cellular Events during Infection of Potato by PVY -- 3. Diversity, Characterisation and Classification of PVY -- 4. Evolution and Origin of PVY -- 5. Detection and Diagnosis of PVY -- 6. Transmission and Epidemiology of Potato virus Y -- 7. Potato virus Y: Control, Management and Seed Certification Programmes -- 8. Resistance to Potato virus Y in Potato -- 9. Host groups of Potato virus Y: Vanishing barriers. 
520 |a Potato virus Y (PVY) infects a wide host range mainly within the Solanaceae and is distributed worldwide. PVY is transmitted by more than 40 aphid species in a non persistent manner. Isolates of the PVY species are highly variable at biological, serological and molecular levels. Epidemiological studies have highlighted the emergence of distinct potato PVY variants able to induce necroses on potato tubers. Due to the lack of efficient resistance to PVY isolates inducing necrotic symptoms in cultivated varieties and the plant-to-plant transmission of isolates through the daughter tubers, PVY has become the most economically important virus for the potato industry. The review offers an overview of several decades of research on PVY but also focuses on the latest data obtained by expert on PVY worldwide on the biological characteristics of PVY, interactions between aphids-hosts, its evolution and management. Identified knowledge gaps to understand further PVY biology will be discussed. 
650 0 |a Life sciences. 
650 0 |a Virology. 
650 0 |a Agriculture. 
650 0 |a Plant pathology. 
650 1 4 |a Life Sciences. 
650 2 4 |a Plant Pathology. 
650 2 4 |a Agriculture. 
650 2 4 |a Virology. 
700 1 |a Lacomme, Christophe.  |e editor. 
700 1 |a Glais, Laurent.  |e editor. 
700 1 |a Bellstedt, Dirk U.  |e editor. 
700 1 |a Dupuis, Brice.  |e editor. 
700 1 |a Karasev, Alexander V.  |e editor. 
700 1 |a Jacquot, Emmanuel.  |e editor. 
710 2 |a SpringerLink (Online service) 
773 0 |t Springer eBooks 
776 0 8 |i Printed edition:  |z 9783319588582 
856 4 0 |u http://dx.doi.org/10.1007/978-3-319-58860-5  |z Full Text via HEAL-Link 
912 |a ZDB-2-SBL 
950 |a Biomedical and Life Sciences (Springer-11642)